[Event "HUN-chT2 Szechenyi 1314"]
[Site "Hungary"]
[Date "2013.11.03"]
[Round "4.7"]
[White "Kokai, Miklos"]
[Black "Czupor, Attila"]
[Result "0-1"]
[WhiteElo "1893"]
[BlackElo "1985"]
[PlyCount "42"]
[EventDate "2013.09.08"]
[EventType "team-tourn"]
[EventRounds "11"]
[EventCountry "HUN"]
[SourceTitle "EXT 2016"]
[Source "ChessBase"]
[SourceDate "2015.10.08"]
[SourceVersion "1"]
[SourceVersionDate "2015.10.08"]
[SourceQuality "1"]
[WhiteTeam "Baki Agrocentrum"]
[BlackTeam "Sarvar"]
[WhiteTeamCountry "HUN"]
[BlackTeamCountry "HUN"]

1. d4 d5 2. Nf3 Nf6 3. Bf4 e6 4. e3 Bd6 5. Bg3 0-0 6. Bd3 c5 7. c3 b6 8. Nbd2 Bb7 9. Ne5 Ne4 10. f4 f6 11. Ng4 f5 12. Ne5 Nd7 13. Nxe4 fxe4 14. Be2 cxd4 15. Bg4 Bxe5 16. Bxe6+ Kh8 17. fxe5 Nc5 18. Bg4 Nd3+ 19. Kd2 Nxb2 20. Qb3 Nc4+ 21. Kc1 Qg5 0-1